Sind Gruppen radikaler als Einzelpersonen?: ein Beitrag zum Risikoschub-Phänomen
| Main Author: | |
|---|---|
| Format: | Print Book |
| Language: | German |
| Published: |
Darmstadt
Steinkopff
1981
|
| In: |
Praxis der Sozialpsychologie (12)
Year: 1981 |
| Online Access: |
Cover Cover Table of Contents |
| Check availability: | HBZ Gateway |
| Subito Delivery Service: | Order now. |
| Keywords: |
MARC
| LEADER | 00000cam a2200000 c 4500 | ||
|---|---|---|---|
| 001 | 023884118 | ||
| 003 | DE-627 | ||
| 005 | 20260206202346.0 | ||
| 007 | tu | ||
| 008 | 710101s1981 gw ||||| 00| ||ger c | ||
| 015 | |a 81,N11,0040 |2 dnb | ||
| 015 | |a 81,A31,0121 |2 dnb | ||
| 016 | 7 | |a 810231557 |2 DE-101 | |
| 020 | |a 3798505748 |9 3-7985-0574-8 | ||
| 035 | |a (DE-627)023884118 | ||
| 035 | |a (DE-603)04585436X | ||
| 035 | |a (DE-576)008297908 | ||
| 035 | |a (DE-599)GBV023884118 | ||
| 035 | |a (OCoLC)8477304 | ||
| 035 | |a (OCoLC)164031752 | ||
| 035 | |a (OCoLC)08477304 | ||
| 035 | |a (AT-OBV)AC00823964 | ||
| 035 | |a (DE-604)8010145222 | ||
| 040 | |a DE-627 |b ger |c DE-627 |e rakwb | ||
| 041 | |a ger | ||
| 044 | |c XA-DE | ||
| 082 | 0 | |a 302.3 |q OCLC | |
| 084 | |a 03b |2 sdnb | ||
| 084 | |a 03b |a 05b |2 sdnb | ||
| 084 | |a CV 6500 |2 rvk |0 (DE-625)rvk/19165: | ||
| 084 | |a CV 8000 |2 rvk |0 (DE-625)rvk/19169: | ||
| 090 | |a a | ||
| 100 | 1 | |a Six, Ulrike |d 1947- |0 (DE-588)109524136 |0 (DE-627)534468012 |0 (DE-576)163092796 |4 aut | |
| 109 | |a Six, Ulrike 1947- | ||
| 245 | 1 | 0 | |a Sind Gruppen radikaler als Einzelpersonen? |b ein Beitrag zum Risikoschub-Phänomen |c Ulrike Six |
| 264 | 1 | |a Darmstadt |b Steinkopff |c 1981 | |
| 300 | |a X, 166 S |b 21 cm | ||
| 336 | |a Text |b txt |2 rdacontent | ||
| 337 | |a ohne Hilfsmittel zu benutzen |b n |2 rdamedia | ||
| 338 | |a Band |b nc |2 rdacarrier | ||
| 490 | 1 | |a Praxis der Sozialpsychologie |v 12 | |
| 500 | |a Literaturverz. S. 155 - 165 | ||
| 583 | 1 | |a Archivierung/Langzeitarchivierung gewährleistet |f PEHE |2 pdager |5 DE-17 | |
| 650 | 0 | 7 | |0 (DE-588)4178228-8 |0 (DE-627)10534303X |0 (DE-576)209983051 |a Risikoschub-Effekt |2 gnd |
| 689 | 0 | 0 | |d s |0 (DE-588)4178228-8 |0 (DE-627)10534303X |0 (DE-576)209983051 |a Risikoschub-Effekt |2 gnd |
| 689 | 0 | |5 DE-101 | |
| 689 | 1 | 0 | |d s |0 (DE-588)4158442-9 |0 (DE-627)104426144 |0 (DE-576)20984227X |a Gruppenentscheidung |2 gnd |
| 689 | 1 | 1 | |d s |0 (DE-588)4026751-9 |0 (DE-627)106287184 |0 (DE-576)20896777X |a Individuum |2 gnd |
| 689 | 1 | 2 | |d s |0 (DE-588)4050129-2 |0 (DE-627)104744294 |0 (DE-576)209085665 |a Risiko |2 gnd |
| 689 | 1 | |5 (DE-627) | |
| 689 | 2 | 0 | |d s |0 (DE-588)4178228-8 |0 (DE-627)10534303X |0 (DE-576)209983051 |a Risikoschub-Effekt |2 gnd |
| 689 | 2 | |5 (DE-627) | |
| 689 | 3 | 0 | |d s |0 (DE-588)4178228-8 |0 (DE-627)10534303X |0 (DE-576)209983051 |a Risikoschub-Effekt |2 gnd |
| 689 | 3 | 1 | |d s |0 (DE-588)4113448-5 |0 (DE-627)105829412 |0 (DE-576)209476567 |a Entscheidungsverhalten |2 gnd |
| 689 | 3 | |5 (DE-627) | |
| 830 | 0 | |a Praxis der Sozialpsychologie |v 12 |9 12 |w (DE-627)129424323 |w (DE-576)004578538 |w (DE-600)191100-4 |x 0340-2150 |7 am | |
| 856 | 4 | 2 | |u http://d-nb.info/810231557/04 |m B:DE-101 |q pdf/application |v 20161126003402 |x Verlag |3 Inhaltsverzeichnis |7 1 |
| 856 | 4 | 2 | |u https://swbplus.bsz-bw.de/bsz008297908cov.jpg |m V:DE-576 |m X:springer |q image/jpeg |v 20140207104330 |3 Cover |7 1 |
| 856 | 4 | 2 | |u http://scans.hebis.de/HEBCGI/show.pl?04585436_toc.pdf |m V:DE-605 |q application/pdf |3 Inhaltsverzeichnis |7 1 |
| 856 | 4 | 2 | |u http://scans.hebis.de/HEBCGI/show.pl?04585436_cov.jpg |m V:DE-576;X:springer |q image/jpeg |3 Cover |7 1 |
| 935 | |i sf | ||
| 935 | |i Blocktest | ||
| 936 | r | v | |a CV 6500 |b Persönlichkeit, problematische Persönlichkeit |k Psychologie |k Sozialpsychologie |k Persönlichkeit, problematische Persönlichkeit |0 (DE-627)127148790X |0 (DE-625)rvk/19165: |0 (DE-576)20148790X |
| 936 | r | v | |a CV 8000 |b Spezielle Probleme der Sozialpsychologie (Hochschule, Familie usw.) |k Psychologie |k Sozialpsychologie |k Spezielle Probleme der Sozialpsychologie (Hochschule, Familie usw.) |0 (DE-627)1270883720 |0 (DE-625)rvk/19169: |0 (DE-576)200883720 |
| 936 | s | n | |a c200 |2 mzub |
| 936 | s | n | |a m200 |2 mzub |
| 951 | |a BO | ||
| ELC | |b 1 | ||
| LOK | |0 000 xxxxxcx a22 zn 4500 | ||
| LOK | |0 001 3164972040 | ||
| LOK | |0 003 DE-627 | ||
| LOK | |0 004 023884118 | ||
| LOK | |0 005 20141024124705 | ||
| LOK | |0 008 140113||||||||||||||||ger||||||| | ||
| LOK | |0 040 |a DE-21-110 |c DE-627 |d DE-21-110 | ||
| LOK | |0 689 |a s |a Risikoschub-Phänomen | ||
| LOK | |0 689 |a s |a Massenkriminalität | ||
| LOK | |0 689 |a |sGruppeneinflüsse | ||
| LOK | |0 852 |z Kein Bestand am IfK; Nachweis für KrimDok | ||
| LOK | |0 852 |a DE-21-110 | ||
| LOK | |0 852 1 |m v |9 00 | ||
| LOK | |0 935 |a k110 | ||
| LOK | |0 938 |k v | ||
| LOK | |0 939 |a 13-01-14 |b l01 | ||
| ORI | |a SA-MARC-krimdoka001.raw | ||
